Grammer,Rhetorei and composition / (Record no. 12456)
[ view plain ]
| 000 -LEADER | |
|---|---|
| fixed length control field | 00400cam a2200157ua 4500 |
| 041 ## - LANGUAGE CODE | |
| Language code of text/sound track or separate title | eng |
| 082 ## - DEWEY DECIMAL CLASSIFICATION NUMBER | |
| Classification number | 425 |
| Item number | MAL/GR |
| 100 ## - MAIN ENTRY--AUTHOR NAME | |
| Personal name | Mallery, Richard Dq . |
| 245 ## - TITLE STATEMENT | |
| Title | Grammer,Rhetorei and composition / |
| 250 ## - EDITION STATEMENT | |
| Edition statement | 1 / |
| 260 ## - PUBLICATION, DISTRIBUTION, ETC. (IMPRINT) | |
| Place of publication | New York : |
| Name of publisher | Barnes & Noble , |
| Year of publication | 1959. |
| 300 ## - PHYSICAL DESCRIPTION | |
| Number of Pages | 354 ; . |
| 942 ## - ADDED ENTRY ELEMENTS (KOHA) | |
| Koha item type | Books |
| Withdrawn status | Lost status | Damaged status | Home library | Current library | Date acquired | Full call number | Accession Number | Koha item type |
|---|---|---|---|---|---|---|---|---|
| KAUAET | KAUAET | 07/04/2012 | 425 | 3109 | Books |
